书目信息 |
| 题名: |
数字通信数学基础
|
|
| 作者: | 张宏基 编著 | |
| 分册: | ||
| 出版信息: | 北京 人民邮电出版社 1982 |
|
| 页数: | 437页 | |
| 开本: | 19cm | |
| 丛书名: | 通信工程丛书 | |
| 单 册: | ||
| 中图分类: | TN914.3 | |
| 科图分类: | ||
| 主题词: | 数字通信-数学基础 , 数学基础-数字通信 | |
| 电子资源: | ||
| ISBN: | ||
| 000 | 00719nam2 2200265 45 | |
| 001 | 0182006625 | |
| 005 | 20060731164414.26 | |
| 010 | @dCNY1.45 | |
| 091 | @b15045.总2615-无6196 | |
| 100 | @a19950706d1982 em y0chiy0121 ea | |
| 101 | 0 | @achi |
| 102 | @aCN@b110000 | |
| 105 | @ay z 000yy | |
| 200 | 10 | @a数字通信数学基础@Ashu zi tong xin shu xue ji chu@f张宏基等编著 |
| 210 | @a北京@c人民邮电出版社@d1982 | |
| 215 | @a437页@d19cm | |
| 225 | 2 | @a通信工程丛书 |
| 410 | 0 | @120010@a通信工程丛书 |
| 606 | @a数字通信-数学基础 | |
| 606 | @a数学基础-数字通信 | |
| 690 | @aTN914.3@v3 | |
| 701 | 0 | @a张宏基@Azhang hong ji@4编著 |
| 801 | 2 | @aCN@bNLC@c20060731 |
| 801 | 0 | @aCN@bTSSF |
| 905 | @a10447@dTN914.3@e74 | |
| 数字通信数学基础/张宏基等编著.-北京:人民邮电出版社,1982 |
| 437页;19cm.-(通信工程丛书) |
| ISBN :CNY1.45 |
| ● |
| 相关链接 |
|
|
|
|
正题名:数字通信数学基础
索取号:TN914.3/74
 
预约/预借
| 序号 | 登录号 | 条形码 | 馆藏地/架位号 | 状态 | 备注 |
| 1 | 0439207 | 204392077 | 密集书库/ [索取号:TN914.3/74] | 在馆 | |
| 2 | 0439208 | 204392086 | 密集书库/ [索取号:TN914.3/74] | 在馆 | |
| 3 | 0439209 | 204392095 | 密集书库/ [索取号:TN914.3/74] | 在馆 |